000 02017cam a2200445Ia 4500
001 ilnuovoteatroreg00bass
003 CaSfIA
005 20210118102305.0
007 cr||||
008 940801s1991 it af b 001 0 ita d
040 _aHMU
_cHMU
_dUIU
_dC3L
_dHHG
_dDEBBG
_dCaSfIA
035 _a(OCoLC)31081033
043 _ae-it---
045 _ax0x4
_ax4x-
050 4 _aPN2685.T862
_bT476 1991x
084 _aLQ 82007
_2rvk
245 0 3 _aIl Nuovo teatro regio di Torino /
_h[electronic resource]
_ca cura di Alberto Basso ; [saggi e repertori di Ennio Bassi ... et al.].
260 _aTorino :
_bCassa di risparmio di Torino,
_cc1991.
300 _axiii, 541 p., lxxx leaves of plates :
_bill. (some col.) ;
_c24 cm.
500 _a"Cronologia delle opere": p. [297]-445.
500 _a"Cronologia dei balletti": p. [447]-521.
504 _aIncludes bibliographical references and indexes.
610 2 0 _aTeatro regio (Turin, Italy)
650 0 _aOpera
_zItaly
_zTurin
_y20th century.
650 0 _aBallet
_zItaly
_zTurin
_y20th century.
655 7 _aAufsatzsammlung.
_2swd
610 1 7 _aTurin
_xTeatro Regio.
_2swd
648 7 _aGeschichte 1936-1990.
_2swd
700 1 _aBasso, Alberto.
700 1 _aBassi, Ennio.
776 0 8 _iOnline version:
_tNuovo teatro regio di Torino.
_dTorino : Cassa di risparmio di Torino, c1991
_w(OCoLC)654436054
856 4 1 _uhttp://www.archive.org/details/ilnuovoteatroreg00bass
_zFree eBook from the Internet Archive
856 4 2 _uhttp://www.openlibrary.org/books/OL24389060M
_zAdditional information and access via Open Library
029 1 _aC3L
_b93191766
029 1 _aHEBIS
_b028835565
029 1 _aDEBBG
_bBV035837544
942 _cEB
506 _fНеобхідна авторизація на https://archive.org/ (створення облікового запису безкоштовно)
506 _fНеобхідна авторизація на https://openlibrary.org/ (створення облікового запису безкоштовно)
999 _c510507
_d510507